Sports Quiz

Random Sports Quiz

Vancouver Canucks Record Goal Scorers Quiz Stats

 Plays Quiz not verified by Sporcle

Score 0/7 Timer 06:00
0 Plays Today
Season Player % Correct
1992-1993Pavel Bure
98.9%
1983-1984Tony Tanti
73.4%
1974-1975Don Lever
29.8%
1972-1973Bobby Schmautz
26.6%
1982-1983Darcy Rota
23.4%
1978-1979Rod Sedlbauer
19.1%
1970-1971Rosaire Paiment
10.6%

You're not logged in!

Compare scores with friends on all Sporcle quizzes.
OR
Log In

You Might Also Like...

Show Comments

Extras

Top Quizzes Today


Score Distribution

Your Account Isn't Verified!

In order to create a playlist on Sporcle, you need to verify the email address you used during registration. Go to your Sporcle Settings to finish the process.

Report this User

Report this user for behavior that violates our Community Guidelines.

Details: